000 00457nam a22001817a 4500
005 20180710113416.0
008 160527b xxu||||| |||| 00| 0 eng d
020 _a81-7808-365-5
041 _aeng
082 _b5567
_a658.15
100 _aMc Laney, E.J.
_94502
245 _aBusiness Finance, Theory and Practice
250 _a5th ed.
260 _aNew Delhi
_bAcademic Faundation
_c2001
300 _a445p,
650 _aManagement
_9241
942 _cBK
999 _c1983
_d1982